| 000 | 00638nam a2200217Ia 4500 | ||
|---|---|---|---|
| 003 | GCL | ||
| 008 | 140319s9999 xx 000 0 ara d | ||
| 040 |
_aGCL / _cGCL |
||
| 082 | 0 | 4 |
_a796.07 _bع ت |
| 100 | 1 | _aعلى البيك | |
| 245 | 1 | 0 |
_aتخطيط التدريب الرياضى / _cعلى البيك |
| 260 |
_a[S.N] : _bمنشاة المعارف الاسلامية ، _c1993 |
||
| 300 | _a345 ص | ||
| 490 | _a | ||
| 650 | 0 | 4 | _aالرياضة البدنية |
| 650 | 0 | 4 | _aالالعاب الرياضية |
| 650 | 0 | 4 | _aتخطيط |
| 650 | 0 | 4 | _aالتدريب الرياضى |
| 650 | 0 | 4 | _aالتدريب |
| 942 |
_2ddc _cBK |
||
| 999 |
_c33068 _d33068 |
||